000 00714nam a2200289Ia 4500
005 20260324134142.0
008 008 260324s9999 xx 000 0 eng d
020 _a9780429187742
037 _aEBOOK
040 _aCRL
040 _beng
040 _cCRL
041 _2eng
041 _aeng
084 _qCRL
100 _aJames R. Lewis
_91169679
245 0 _aUsability Evaluation
245 2 _bA Special Issue of the International Journal of Human-Computer Interaction
260 _bTaylor and Francis
260 _c2002
365 _a
365 _b385
856 _uhttp://www.taylorfrancis.com/books/9780429187742
942 _cEBOOK
999 _c1795525
_d1795525